[Event "51 C.I.S. serie C/8"]
[Site "?"]
[Date "2019.03.15"]
[Round "1.1"]
[White "Bevilacqua, Maurizio"]
[Black "Zannol, Roberto"]
[Result "1-0"]
[WhiteElo "2065"]
[BlackElo "2002"]
[PlyCount "119"]
[EventDate "2019.??.??"]
[WhiteTeam "Nettuno"]
[BlackTeam "Micha Bishops"]

1. c4 Nf6 2. Nc3 e5 3. g3 Bb4 4. Bg2 O-O 5. Nf3 Nc6 6. O-O Re8 7. a3 Bf8 8. d4
exd4 9. Nxd4 Ne5 10. b3 c6 11. e4 Qa5 12. Bb2 d6 13. h3 Qb6 14. Na4 Qc7 15. Qc2
Bd7 16. Rad1 Rad8 17. Rd2 Qc8 18. f4 Ng6 19. Kh2 Qb8 20. Nc3 Bc8 21. Rfd1 h5
22. Nf5 d5 23. e5 Nxe5 24. fxe5 Qxe5 25. Nxd5 Bxf5 26. Qc1 Qb8 27. Bxf6 cxd5
28. Bxd8 Rxd8 29. Rxd5 Rxd5 30. Rxd5 Be6 31. Rxh5 Bd6 32. Qe3 Bxa3 33. Rb5 b6
34. c5 Qc7 35. cxb6 axb6 36. Qxb6 Qxb6 37. Rxb6 Kf8 38. Rb7 Ke8 39. b4 Kd8 40.
b5 Bd6 41. Bc6 Kc8 42. Kg2 Bc5 43. g4 g5 44. Kf3 Bd6 45. Ke4 Bg3 46. Ra7 Bf2
47. Ra6 Bc4 48. Ra4 Bf1 49. Kf5 Be3 50. Rb4 Kc7 51. Be8 Kb6 52. Rb3 Bd2 53.
Bxf7 Be2 54. Ke4 Bd1 55. Rb2 Bc3 56. Rf2 Kxb5 57. Rf5+ Kc6 58. Rxg5 Bc2+ 59.
Kf3 Bd2 60. Rg8 1-0

[Event "51 C.I.S. serie C/8"]
[Site "?"]
[Date "2019.03.15"]
[Round "1.2"]
[White "Tissino, Tiziano"]
[Black "Buglisi, Massimo"]
[Result "0-1"]
[WhiteElo "1728"]
[BlackElo "1936"]
[PlyCount "102"]
[EventDate "2019.??.??"]
[WhiteTeam "Micha Bishops"]
[BlackTeam "Nettuno"]

1. d4 c5 2. dxc5 e6 3. Be3 Na6 4. g3 Nxc5 5. c3 d5 6. Nf3 Nf6 7. Bg2 Bd6 8. O-O
O-O 9. Nbd2 b5 10. Nb3 Nce4 11. Nfd4 Bd7 12. f3 Nc5 13. Kh1 Rc8 14. f4 Na4 15.
Bc1 Nb6 16. Qd3 Nc4 17. Nd2 e5 18. fxe5 Nxe5 19. Qb1 Neg4 20. N2f3 Ne4 21. Nh4
Nxh2 22. Bxe4 dxe4 23. Rg1 f5 24. Bd2 Bxg3 25. Nhxf5 Bxf5 26. Rxg3 Qh4 27. Nxf5
Rxf5 28. Kg2 Nf1 29. Qxf1 Rxf1 30. Rxf1 Qh5 31. Rf2 Qd5 32. Be3 a5 33. Rg5 Qc6
34. Rff5 h6 35. Rc5 Qe6 36. Rce5 Qc4 37. Rg3 Qxe2+ 38. Kh3 Qf1+ 39. Kh2 Qe2+
40. Kh3 Qf1+ 41. Kh2 g5 42. Rxe4 Rd8 43. Bd4 Qf5 44. Re5 Qc2+ 45. Rg2 Qd1 46.
Rxb5 Rf8 47. Rb7 Rf4 48. Bf2 Qd5 49. Rb8+ Kh7 50. Bg3 Rf1 51. b3 Qf7 0-1

[Event "51 C.I.S. serie C/8"]
[Site "?"]
[Date "2019.03.15"]
[Round "1.3"]
[White "Ciola, Alberto"]
[Black "Cecchetto, Andrea"]
[Result "1-0"]
[WhiteElo "1891"]
[BlackElo "1715"]
[PlyCount "109"]
[EventDate "2019.??.??"]
[WhiteTeam "Nettuno"]
[BlackTeam "Micha Bishops"]

1. d4 d5 2. c4 e5 3. dxe5 d4 4. Nf3 Nc6 5. a3 Be6 6. e3 dxe3 7. Qxd8+ Rxd8 8.
Bxe3 Nge7 9. Nc3 a6 10. Rd1 Rxd1+ 11. Nxd1 Ng6 12. Nd4 Ngxe5 13. Nxe6 fxe6 14.
f4 Ng4 15. Bd2 Bc5 16. Be2 Nf6 17. Bf3 Kf7 18. Bxc6 bxc6 19. b4 Bd4 20. Ke2 Ra8
21. Kf3 e5 22. fxe5 Bxe5 23. h3 Rd8 24. Ke2 Ne4 25. Rf1+ Kg8 26. Bf4 Ng3+ 27.
Bxg3 Bxg3 28. Rf3 Be5 29. Rd3 Re8 30. Re3 Kf7 31. Nf2 Bb2 32. Rxe8 Kxe8 33. a4
Bc3 34. Nd3 Bd4 35. Kf3 Ke7 36. Ke4 Bg1 37. Ne5 c5 38. b5 axb5 39. cxb5 Kd8 40.
Kd5 Kc8 41. Kc6 Bd4 42. Nc4 h6 43. g4 g6 44. a5 h5 45. a6 Kb8 46. a7+ Kxa7 47.
Kxc7 Bf2 48. b6+ Ka6 49. Kc6 hxg4 50. hxg4 g5 51. Nd6 Bg3 52. Ne4 Bf4 53. Nxc5+
Ka5 54. b7 Kb4 55. Nd3+ 1-0

[Event "51 C.I.S. serie C/8"]
[Site "?"]
[Date "2019.03.15"]
[Round "1.4"]
[White "Schiavo, Marco"]
[Black "Bortolotti, Silvano"]
[Result "1-0"]
[WhiteElo "1410"]
[BlackElo "1770"]
[PlyCount "55"]
[EventDate "2019.??.??"]
[WhiteTeam "Micha Bishops"]
[BlackTeam "Nettuno"]

1. e4 b6 2. d4 Bb7 3. Nc3 e6 4. a3 Nf6 5. Bg5 Be7 6. Bxf6 Bxf6 7. Nf3 d6 8. Bc4
Be7 9. O-O Ba6 10. Qd3 Bxc4 11. Qxc4 O-O 12. d5 Qd7 13. b4 Bf6 14. Rab1 Bxc3
15. Qxc3 e5 16. Qd3 f5 17. Nd2 fxe4 18. Nxe4 Qf5 19. f3 Nd7 20. Rbc1 Nf6 21.
Nxf6+ Qxf6 22. c4 Qe7 23. c5 Rac8 24. Qa6 Qd8 25. Rfd1 Rf6 26. Rc3 dxc5 27.
bxc5 bxc5 28. Qxa7 1-0

[Event "51 C.I.S. serie C/8"]
[Site "?"]
[Date "2019.03.15"]
[Round "1.1"]
[White "Vezzani, Stefano"]
[Black "Zincani, Riccardo"]
[Result "1-0"]
[WhiteElo "2148"]
[BlackElo "1804"]
[PlyCount "53"]
[EventDate "2019.??.??"]
[WhiteTeam "Mantova Scacchi"]
[BlackTeam "Pro Modena"]

1. Nf3 Nf6 2. g3 b6 3. Bg2 Bb7 4. O-O e6 5. d3 d5 6. Nbd2 Be7 7. b3 O-O 8. Bb2
Nbd7 9. c4 c5 10. e3 Qb8 11. Qe2 Rd8 12. e4 dxe4 13. dxe4 e5 14. Nh4 g6 15.
Rad1 Nh5 16. Nf5 Bf8 17. Ne3 Ng7 18. Nd5 Ne6 19. Qg4 Bg7 20. f4 Nd4 21. f5 Bxd5
22. cxd5 Nf6 23. Qh4 Ne8 24. f6 Bf8 25. Nc4 Nd6 26. Nxe5 N6b5 27. Nxf7 1-0

[Event "51 C.I.S. serie C/8"]
[Site "?"]
[Date "2019.03.15"]
[Round "1.2"]
[White "Boasso, Andrea"]
[Black "Goldoni, Claudio"]
[Result "1-0"]
[WhiteElo "1673"]
[BlackElo "1888"]
[PlyCount "61"]
[EventDate "2019.??.??"]
[WhiteTeam "Pro Modena"]
[BlackTeam "Mantova Scacchi"]

1. e4 e5 2. Nf3 Nc6 3. d4 exd4 4. Bc4 Bc5 5. c3 Nf6 6. O-O d6 7. cxd4 Bb6 8.
Nc3 Bg4 9. d5 Nd4 10. Qa4+ Bd7 11. Qd1 Bg4 12. Qa4+ Bd7 13. Qd1 Nxf3+ 14. Qxf3
O-O 15. Bg5 Bd4 16. Ne2 Be5 17. h3 h6 18. Bh4 c5 19. Qd3 Qa5 20. f4 Bxb2 21.
Rab1 Qa3 22. Rxb2 Qxb2 23. Rb1 Qxb1+ 24. Qxb1 b5 25. Bb3 Rfe8 26. Bxf6 gxf6 27.
Ng3 Kg7 28. Qb2 Kg6 29. f5+ Kg7 30. Nh5+ Kf8 31. Qxf6 1-0

[Event "51 C.I.S. serie C/8"]
[Site "?"]
[Date "2019.03.15"]
[Round "1.3"]
[White "Gemma, Stefano"]
[Black "Orlandi, Francesco"]
[Result "1-0"]
[WhiteElo "1536"]
[BlackElo "1339"]
[PlyCount "35"]
[EventDate "2019.??.??"]
[WhiteTeam "Mantova Scacchi"]
[BlackTeam "Pro Modena"]

1. e4 e5 2. Nf3 Nc6 3. Nc3 a6 4. d4 exd4 5. Nxd4 Bc5 6. Nb3 Bb6 7. Bd3 Nf6 8.
Bg5 h6 9. Bh4 g5 10. Bg3 d6 11. Qe2 Ne5 12. Bxe5 dxe5 13. O-O-O Ng4 14. Bb5+
Bd7 15. Rxd7 Kf8 16. Rxd8+ Rxd8 17. Bc4 Nxf2 18. Rf1 1-0

[Event "51 C.I.S. serie C/8"]
[Site "?"]
[Date "2019.03.16"]
[Round "2.1"]
[White "Zannol, Roberto"]
[Black "Goldoni, Claudio"]
[Result "1/2-1/2"]
[WhiteElo "2002"]
[BlackElo "1888"]
[PlyCount "159"]
[EventDate "2019.??.??"]
[WhiteTeam "Micha Bishops"]
[BlackTeam "Mantova Scacchi"]

1. e4 e5 2. Nf3 Nc6 3. Bb5 g6 4. d4 exd4 5. Nxd4 Bg7 6. Be3 Nge7 7. Nc3 O-O 8.
Qd2 a6 9. Ba4 Ne5 10. Nde2 Nc4 11. Qc1 Nxe3 12. Qxe3 d6 13. Nd1 Nc6 14. O-O Ne5
15. c3 Nc4 16. Qd3 Ne5 17. Qc2 f5 18. f4 Ng4 19. h3 Nf6 20. e5 Ne4 21. exd6
Qxd6 22. Nf2 Qc5 23. Rad1 Kh8 24. Nd4 Ng3 25. Rfe1 Nh5 26. Qd2 Bh6 27. Nd3 Qd6
28. Qe2 b5 29. Bb3 c5 30. Nf3 c4 31. Nf2 Qxf4 32. Bc2 Bb7 33. Nd4 Bg7 34. Ne6
Qg3 35. Nh1 Qh4 36. Nxf8 Rxf8 37. Qe7 Qxe7 38. Rxe7 Bc6 39. Rd6 Rc8 40. Ra7 Be5
41. Re6 Bb8 42. Rxa6 Bb7 43. Rab6 Ba7 44. Nf2 Bxb6 45. Rxb6 Bc6 46. g4 fxg4 47.
Nxg4 Nf4 48. Ne5 Be8 49. h4 Rc5 50. Nf3 Bc6 51. Nd4 Be8 52. Rb8 Re5 53. a4 Nd3
54. b3 Ne1 55. bxc4 Nxc2 56. Nxc2 bxa4 57. c5 Kg7 58. Nd4 Kh6 59. c6 Bxc6 60.
Nxc6 Rc5 61. Nd4 Rxc3 62. Rb5 Rc4 63. Nf3 a3 64. Ra5 Rc1+ 65. Kf2 Rc2+ 66. Ke3
a2 67. Kd3 Rb2 68. Nd2 Rb4 69. Nc4 Rb1 70. Rxa2 Rh1 71. Ra5 Rxh4 72. Nd6 Rh5
73. Nf7+ Kg7 74. Rxh5 gxh5 75. Ne5 Kf6 76. Ke4 Kg5 77. Kf3 Kf5 78. Nd3 Kg5 79.
Kg3 Kf5 80. Kh4 1/2-1/2

[Event "51 C.I.S. serie C/8"]
[Site "?"]
[Date "2019.03.16"]
[Round "2.2"]
[White "Paterlini, Emiliano"]
[Black "Tissino, Tiziano"]
[Result "1-0"]
[WhiteElo "1693"]
[BlackElo "1728"]
[PlyCount "122"]
[EventDate "2019.??.??"]
[WhiteTeam "Mantova Scacchi"]
[BlackTeam "Micha Bishops"]

1. e4 c5 2. b4 cxb4 3. a3 bxa3 4. Bxa3 Nf6 5. e5 Nd5 6. Nf3 g6 7. Bc4 Nb6 8.
Bb3 Bg7 9. O-O O-O 10. Nc3 Nc6 11. Re1 a6 12. Rb1 Na5 13. Ba2 Nac4 14. Bc5 d6
15. exd6 exd6 16. Bd4 Bxd4 17. Nxd4 Na5 18. d3 Nc6 19. Nde2 Nd7 20. Nf4 b5 21.
Ne4 Nc5 22. Nc3 Nd4 23. Qd2 Qg5 24. Bd5 Bb7 25. h4 Qxh4 26. Bxb7 Nxb7 27. Re4
Nf3+ 28. gxf3 Qg5+ 29. Kf1 Nc5 30. Re2 Qh4 31. Kg2 Qg5+ 32. Kh3 Qh6+ 33. Kg2
Qg5+ 34. Kh1 Qh4+ 35. Kg1 Rae8 36. Rbe1 Rxe2 37. Rxe2 Qg5+ 38. Ng2 Qh5 39. Qf4
Ne6 40. Qg4 Qh6 41. Ne3 Nf4 42. Re1 f5 43. Qg3 Nh3+ 44. Kg2 Nf4+ 45. Kf1 Qh1+
46. Qg1 Qxf3 47. Ne2 Qh3+ 48. Ng2 Nd5 49. Ng3 f4 50. Qh1 Qg4 51. Ne4 f3 52. Ne3
Nxe3+ 53. Rxe3 d5 54. Nd2 Qb4 55. Nxf3 Qb1+ 56. Ne1 Rf5 57. Qh2 Qb4 58. Qc7 Qf8
59. Qg3 Qf6 60. Re8+ Kg7 61. Qe3 Qh4 1-0

[Event "51 C.I.S. serie C/8"]
[Site "?"]
[Date "2019.03.16"]
[Round "2.3"]
[White "Cecchetto, Andrea"]
[Black "Gemma, Stefano"]
[Result "1-0"]
[WhiteElo "1715"]
[BlackElo "1536"]
[PlyCount "89"]
[EventDate "2019.??.??"]
[WhiteTeam "Micha Bishops"]
[BlackTeam "Mantova Scacchi"]

1. e4 e5 2. Nf3 Nc6 3. Bb5 Bc5 4. O-O d6 5. c3 a6 6. Ba4 b5 7. Bc2 Nf6 8. d4
exd4 9. cxd4 Bb4 10. h3 h6 11. Nc3 O-O 12. a3 Ba5 13. b4 Bb6 14. Re1 Re8 15.
Bb2 Bb7 16. Rc1 a5 17. Nxb5 axb4 18. d5 Na7 19. Nxa7 Rxa7 20. axb4 Ra2 21. Bd4
Bxd4 22. Qxd4 Qb8 23. Qc4 Ra7 24. Ra1 Rxa1 25. Rxa1 Nd7 26. Nd4 Nb6 27. Qc3 g6
28. Nb5 Re7 29. Qf6 Rd7 30. Nd4 Bxd5 31. exd5 Nxd5 32. Qf3 Nxb4 33. Rb1 c5 34.
Nc6 Qe8 35. Nxb4 cxb4 36. Ba4 Qd8 37. Bxd7 Qxd7 38. Rxb4 Qe7 39. Qc3 g5 40.
Rb8+ Kh7 41. Qh8+ Kg6 42. Rg8+ Kf5 43. g4+ Kf4 44. Qd4+ Kf3 45. Qd3+ 1-0

[Event "51 C.I.S. serie C/8"]
[Site "?"]
[Date "2019.03.16"]
[Round "2.4"]
[White "Acerbi, Enrico"]
[Black "Schiavo, Marco"]
[Result "0-1"]
[WhiteElo "1476"]
[BlackElo "1410"]
[PlyCount "52"]
[EventDate "2019.??.??"]
[WhiteTeam "Mantova Scacchi"]
[BlackTeam "Micha Bishops"]

1. e4 c6 2. d4 d5 3. Nc3 dxe4 4. Nxe4 Bf5 5. Ng3 Bg6 6. h4 h6 7. Nf3 Nd7 8. h5
Bh7 9. Bd3 Bxd3 10. Qxd3 Ngf6 11. Bd2 e6 12. Qe2 Be7 13. Ne5 O-O 14. O-O-O Qc7
15. f4 Rad8 16. f5 Rfe8 17. Nxf7 Qxg3 18. Nxd8 Bxd8 19. fxe6 Nf8 20. e7 Rxe7
21. Qf1 N8d7 22. Rh3 Qg4 23. Bb4 Re2 24. Re1 Rxe1+ 25. Qxe1 Bc7 26. Qe2 Qxe2
0-1

[Event "51 C.I.S. serie C/8"]
[Site "?"]
[Date "2019.03.16"]
[Round "2.1"]
[White "Bonagura, Stefano"]
[Black "Bevilacqua, Maurizio"]
[Result "1-0"]
[WhiteElo "2249"]
[BlackElo "2065"]
[PlyCount "93"]
[EventDate "2019.??.??"]
[WhiteTeam "Naturno A"]
[BlackTeam "Nettuno"]

1. e4 c5 2. Nc3 Nc6 3. g3 e6 4. Bg2 Nf6 5. d3 Be7 6. f4 d6 7. Nf3 Qc7 8. O-O a6
9. h3 O-O 10. g4 Rd8 11. Qe2 Nd4 12. Qf2 d5 13. g5 Nh5 14. exd5 Nf5 15. Nh4
Nhg3 16. Nxf5 Nxf5 17. Be3 Rb8 18. a4 b6 19. dxe6 Bxe6 20. Ne4 c4 21. d4 Bd5
22. Ng3 Bxg2 23. Kxg2 Qc6+ 24. Kh2 Rd5 25. c3 Bd6 26. Nxf5 Rxf5 27. Qg2 Qc7 28.
Qg4 g6 29. Kh1 Re8 30. Bd2 Re4 31. Qg2 Re7 32. Rae1 Kg7 33. Rxe7 Qxe7 34. h4 h5
35. Qf3 Qd7 36. Qe4 Qxa4 37. Be3 Qb5 38. Rf2 Qb3 39. Kg2 Qd1 40. Qf3 Qb3 41.
Qc6 Bf8 42. Rd2 Ra5 43. d5 Qb5 44. Qxb5 Rxb5 45. Bd4+ Kg8 46. Be5 Be7 47. Bc7
1-0

[Event "51 C.I.S. serie C/8"]
[Site "?"]
[Date "2019.03.16"]
[Round "2.2"]
[White "Buglisi, Massimo"]
[Black "Nicolodi, Raoul"]
[Result "1/2-1/2"]
[WhiteElo "1936"]
[BlackElo "2047"]
[PlyCount "113"]
[EventDate "2019.??.??"]
[WhiteTeam "Nettuno"]
[BlackTeam "Naturno A"]

1. e4 e6 2. d3 d5 3. Nd2 c5 4. Ngf3 Nc6 5. g3 g6 6. Bg2 Bg7 7. O-O Nge7 8. Re1
h6 9. h4 b6 10. Nf1 Bb7 11. c3 O-O 12. e5 Qc7 13. Bf4 d4 14. c4 Kh7 15. N1h2
Ng8 16. Ng4 Qd7 17. Qd2 Nce7 18. Bxh6 Nxh6 19. Qxh6+ Bxh6 20. Nf6+ Kh8 21. Nxd7
Rfd8 22. Nf6 Bxf3 23. Bxf3 Rab8 24. a4 Nf5 25. Kg2 Kg7 26. Rh1 Ne7 27. Be4 Ng8
28. Ng4 Bd2 29. h5 Nh6 30. Nxh6 Bxh6 31. hxg6 fxg6 32. Rh4 Rh8 33. Rg4 g5 34.
f4 Kf7 35. fxg5 Bg7 36. g6+ Ke7 37. Rf1 Rbf8 38. Rxf8 Rxf8 39. Rg5 Rh8 40. g4
a5 41. Rh5 Kf8 42. Kf3 Ke7 43. Kf4 Bh6+ 44. Kf3 Bg7 45. Bc6 Kf8 46. Rxh8+ Bxh8
47. Kf4 Ke7 48. Kg5 Bg7 49. Bb7 Kd7 50. Ba6 Kd8 51. Bb5 Kc7 52. Be8 Kd8 53. Bc6
Kc7 54. Be4 Kd7 55. Bf3 Kc7 56. Kf4 Kd7 57. Kg5 1/2-1/2

[Event "51 C.I.S. serie C/8"]
[Site "?"]
[Date "2019.03.16"]
[Round "2.3"]
[White "Pichler, Norbert"]
[Black "Liguori, Michele"]
[Result "1-0"]
[WhiteElo "2008"]
[BlackElo "1923"]
[PlyCount "85"]
[EventDate "2019.??.??"]
[WhiteTeam "Naturno A"]
[BlackTeam "Nettuno"]

1. d4 e6 2. Nf3 f5 3. Bf4 Nf6 4. Nbd2 g6 5. h3 Bg7 6. c3 d6 7. Qb3 O-O 8. e3
Qe7 9. Be2 Kh8 10. O-O-O Nc6 11. Bg5 h6 12. Bxf6 Qxf6 13. g4 a5 14. a4 Rb8 15.
Qc4 d5 16. Qd3 e5 17. g5 hxg5 18. dxe5 Nxe5 19. Nxe5 Qxe5 20. Nf3 Qe4 21. Qxd5
Be6 22. Qxe4 fxe4 23. Nxg5 Bb3 24. Rd2 Rbe8 25. Bd1 Bc4 26. h4 Rf5 27. Bc2 Bd3
28. Bb3 Bh6 29. f4 Bxg5 30. hxg5+ Kg7 31. Rdh2 Kf8 32. Rh8+ Ke7 33. R1h7+ Kd8
34. Rxe8+ Kxe8 35. Rxc7 b5 36. Rg7 Rf8 37. Rxg6 Rh8 38. Rg8+ Rxg8 39. Bxg8 bxa4
40. Kd2 Ke7 41. c4 Kd6 42. Kc3 Kc5 43. Bd5 1-0

[Event "51 C.I.S. serie C/8"]
[Site "?"]
[Date "2019.03.16"]
[Round "2.4"]
[White "Bortolotti, Silvano"]
[Black "Unterthurner, Hans"]
[Result "0-1"]
[WhiteElo "1770"]
[BlackElo "1975"]
[PlyCount "62"]
[EventDate "2019.??.??"]
[WhiteTeam "Nettuno"]
[BlackTeam "Naturno A"]

1. e4 e6 2. d3 d5 3. Nd2 c5 4. g3 Nf6 5. Bg2 Nc6 6. Ngf3 Be7 7. O-O O-O 8. e5
Nd7 9. Re1 f6 10. exf6 Bxf6 11. h4 Nde5 12. Ng5 h6 13. Nh3 Nd4 14. c3 Nf5 15.
Nf3 Nxf3+ 16. Qxf3 Qd6 17. Nf4 Nxh4 18. Qh5 Nxg2 19. Kxg2 Bd7 20. Ng6 Be8 21.
Qg4 Bxg6 22. Qxg6 Rf7 23. Bxh6 Raf8 24. Bf4 e5 25. Rh1 Re8 26. Bg5 d4 27. Rh8+
Kxh8 28. Qxf7 Qc6+ 29. f3 Bxg5 30. Rh1+ Bh6 31. g4 Re6 0-1

[Event "51 C.I.S. serie C/8"]
[Site "?"]
[Date "2019.03.16"]
[Round "3.1"]
[White "Vezzani, Stefano"]
[Black "Bonagura, Stefano"]
[Result "1/2-1/2"]
[WhiteElo "2148"]
[BlackElo "2249"]
[PlyCount "67"]
[EventDate "2019.??.??"]
[WhiteTeam "Mantova Scacchi"]
[BlackTeam "Naturno A"]

1. Nf3 d5 2. b3 Nf6 3. Bb2 e6 4. e3 b6 5. Bb5+ c6 6. Be2 Nbd7 7. d3 Bb7 8. Nbd2
Bd6 9. O-O O-O 10. c4 e5 11. Qc2 Re8 12. Rad1 Qe7 13. Rfe1 Rac8 14. e4 d4 15.
Nh4 c5 16. Nf5 Qf8 17. Bc1 g6 18. Nxd6 Qxd6 19. Rf1 Nf8 20. Nf3 Nh5 21. Ne1 Ng7
22. f4 f5 23. fxe5 Qxe5 24. Nf3 Qc7 25. Ng5 Nfe6 26. exf5 Nxf5 27. Bg4 Neg7 28.
Ne4 Rf8 29. Rde1 Rce8 30. Bxf5 gxf5 31. Bf4 Qc6 32. Nd6 Rxe1 33. Rxe1 Rf6 34.
Nxb7 1/2-1/2

[Event "51 C.I.S. serie C/8"]
[Site "?"]
[Date "2019.03.16"]
[Round "3.2"]
[White "Nicolodi, Raoul"]
[Black "Goldoni, Claudio"]
[Result "1-0"]
[WhiteElo "2047"]
[BlackElo "1888"]
[PlyCount "81"]
[EventDate "2019.??.??"]
[WhiteTeam "Naturno A"]
[BlackTeam "Mantova Scacchi"]

1. Nf3 d5 2. c4 c6 3. b3 Bf5 4. Ba3 Nf6 5. g3 g6 6. Bg2 Bg7 7. Bb2 O-O 8. O-O
Nbd7 9. d3 Re8 10. Nd4 Be6 11. Nd2 Nf8 12. Nxe6 Nxe6 13. cxd5 Nxd5 14. Bxg7
Kxg7 15. Nc4 Nb6 16. Rc1 Nxc4 17. Rxc4 Qd6 18. Qa1+ Kg8 19. d4 Rad8 20. e3 Nc7
21. Qc1 e5 22. dxe5 Qxe5 23. Re4 Qf6 24. Rf4 Qe7 25. Re4 Ne6 26. f4 f5 27. Re5
Qd6 28. e4 Nd4 29. Rxe8+ Rxe8 30. Qc4+ Kf8 31. e5 Qd7 32. Rd1 Rd8 33. Kf2 b6
34. b4 a5 35. a3 axb4 36. axb4 h6 37. Bf3 b5 38. Qc5+ Ke8 39. Ke3 Nc2+ 40. Qxc2
Qa7+ 41. Ke2 1-0

[Event "51 C.I.S. serie C/8"]
[Site "?"]
[Date "2019.03.16"]
[Round "3.3"]
[White "Gemma, Stefano"]
[Black "Pichler, Norbert"]
[Result "0-1"]
[WhiteElo "1536"]
[BlackElo "2008"]
[PlyCount "74"]
[EventDate "2019.??.??"]
[WhiteTeam "Mantova Scacchi"]
[BlackTeam "Naturno A"]

1. e4 c5 2. Nf3 e6 3. Nc3 Nc6 4. d3 d5 5. exd5 exd5 6. Bg5 Be7 7. Bxe7 Ngxe7 8.
Be2 O-O 9. O-O b6 10. d4 Be6 11. dxc5 bxc5 12. Ng5 Nf5 13. Nxe6 fxe6 14. Bg4
Ncd4 15. Ne2 Qd6 16. c3 Nxe2+ 17. Qxe2 Rae8 18. Rfe1 e5 19. Rac1 e4 20. Qd1 Rf6
21. Be2 Ne7 22. g3 Ref8 23. Rf1 Nc6 24. Qd2 Qe5 25. Bb5 Ne7 26. Rcd1 h5 27. h4
Rd6 28. Be2 Ng6 29. Qe3 d4 30. Bc4+ Kh7 31. cxd4 cxd4 32. Qe2 d3 33. Qd2 Nxh4
34. gxh4 Rg6+ 35. Kh1 Rf3 36. Qe3 Rxe3 37. fxe3 Qg3 0-1

[Event "51 C.I.S. serie C/8"]
[Site "?"]
[Date "2019.03.16"]
[Round "3.4"]
[White "Unterthurner, Hans"]
[Black "Foroni, Francesco"]
[Result "1-0"]
[WhiteElo "1975"]
[BlackElo "1757"]
[PlyCount "65"]
[EventDate "2019.??.??"]
[WhiteTeam "Naturno A"]
[BlackTeam "Mantova Scacchi"]

1. e4 d5 2. exd5 Qxd5 3. Nc3 Qd8 4. d4 Nf6 5. Nf3 Bg4 6. Be2 e6 7. O-O c6 8.
Bg5 Nbd7 9. Re1 Be7 10. Qd2 O-O 11. Rad1 Qc7 12. Bf4 Bd6 13. Ne5 Bxe2 14. Qxe2
Nd5 15. Nxd5 cxd5 16. Rd3 Rfe8 17. Rc3 Qd8 18. Nxf7 Kxf7 19. Bxd6 Rc8 20. Re3
Nf8 21. Bxf8 Kxf8 22. Rxe6 Rxe6 23. Qxe6 Rc6 24. Qf5+ Kg8 25. Re5 Rf6 26. Qh5
g6 27. Qg5 Qf8 28. Qe3 Kg7 29. Rxd5 Kg8 30. Re5 Kg7 31. c3 Qc8 32. Re7+ Rf7 33.
Qe5+ 1-0

[Event "51 C.I.S. serie C/8"]
[Site "?"]
[Date "2019.03.16"]
[Round "3.1"]
[White "Zincani, Riccardo"]
[Black "Zannol, Roberto"]
[Result "0-1"]
[WhiteElo "1804"]
[BlackElo "2002"]
[PlyCount "118"]
[EventDate "2019.??.??"]
[WhiteTeam "Pro Modena"]
[BlackTeam "Micha Bishops"]

1. e4 e5 2. Nf3 Nc6 3. d4 exd4 4. Nxd4 Bc5 5. Be3 Qe7 6. Nxc6 bxc6 7. Bxc5 Qxc5
8. Bd3 Nf6 9. O-O O-O 10. Nd2 Re8 11. Re1 d5 12. e5 Ng4 13. Qf3 Nxe5 14. Bxh7+
Kxh7 15. Qh5+ Kg8 16. Rxe5 Rxe5 17. Qxe5 Be6 18. c3 Qd6 19. Qh5 Qf4 20. Nf3 g6
21. Qe5 Qxe5 22. Nxe5 c5 23. f4 Rb8 24. b3 Rb6 25. Nd3 Rb5 26. Rc1 Bf5 27. Nf2
Rb6 28. g4 Be4 29. c4 Re6 30. cxd5 Bxd5 31. Kf1 Bf3 32. h3 c4 33. bxc4 Kf8 34.
Rc3 Bb7 35. Ra3 Ba6 36. Ra4 Rc6 37. Kg1 Bxc4 38. Rxa7 Bd5 39. Nd3 Rc3 40. Nb4
Be6 41. Kh2 c5 42. Nc6 Rc2+ 43. Kg3 Rxa2 44. Rxa2 Bxa2 45. Kf2 Ke8 46. Ke3 Kd7
47. Ne5+ Kd6 48. Kd3 Bd5 49. h4 Be6 50. h5 gxh5 51. gxh5 Kd5 52. h6 Bf5+ 53.
Kc3 f6 54. Nc4 Bh7 55. Nd2 Bg6 56. Nc4 Ke4 57. Nd6+ Kxf4 58. Kc4 Kg5 59. Ne4+
Bxe4 0-1

[Event "51 C.I.S. serie C/8"]
[Site "?"]
[Date "2019.03.16"]
[Round "3.2"]
[White "Tissino, Tiziano"]
[Black "Boasso, Andrea"]
[Result "0-1"]
[WhiteElo "1728"]
[BlackElo "1673"]
[PlyCount "66"]
[EventDate "2019.??.??"]
[WhiteTeam "Micha Bishops"]
[BlackTeam "Pro Modena"]

1. d4 d5 2. c4 c6 3. Nc3 e6 4. Nf3 Nf6 5. Bg5 Nbd7 6. e3 Be7 7. Bd3 dxc4 8.
Bxc4 b5 9. Bd3 Bb7 10. O-O a6 11. Rc1 c5 12. Bxf6 Bxf6 13. Be4 Qb6 14. Bxb7
Qxb7 15. dxc5 Nxc5 16. Qd6 Be7 17. Qg3 O-O 18. Ne2 Rac8 19. a3 Rfd8 20. Nfd4
Bf6 21. Rfd1 Qe4 22. Qf3 Qxf3 23. gxf3 h6 24. Kg2 Kh7 25. f4 e5 26. fxe5 Bxe5
27. f4 Bxd4 28. Nxd4 g6 29. Kf3 f5 30. b4 Ne4 31. Ne6 Rxd1 32. Rxc8 Rd2 33.
Rc7+ Kg8 0-1

[Event "51 C.I.S. serie C/8"]
[Site "?"]
[Date "2019.03.16"]
[Round "3.3"]
[White "Orlandi, Francesco"]
[Black "Cecchetto, Andrea"]
[Result "0-1"]
[WhiteElo "1339"]
[BlackElo "1715"]
[PlyCount "54"]
[EventDate "2019.??.??"]
[WhiteTeam "Pro Modena"]
[BlackTeam "Micha Bishops"]

1. e4 c5 2. Nf3 Nc6 3. Bc4 e6 4. Nc3 d6 5. a3 Nf6 6. d3 a6 7. Bd2 g6 8. O-O Bg7
9. Qc1 O-O 10. Bh6 b5 11. Bxg7 Kxg7 12. Bb3 Bb7 13. Re1 Qc7 14. Qf4 Ne7 15. Nd2
e5 16. Qg5 Qd7 17. f3 h6 18. Qh4 g5 19. Qf2 Nh5 20. g3 f5 21. Nf1 Nf6 22. Qe2
Nc6 23. Ne3 fxe4 24. dxe4 Nd4 25. Qf2 Nxe4 26. Nxe4 Nxf3+ 27. Kg2 Bxe4 0-1

[Event "51 C.I.S. serie C/8"]
[Site "?"]
[Date "2019.03.17"]
[Round "4.1"]
[White "Nicolodi, Raoul"]
[Black "Viola, Lorenzo"]
[Result "0-1"]
[WhiteElo "2047"]
[BlackElo "1785"]
[PlyCount "60"]
[EventDate "2019.??.??"]
[WhiteTeam "Naturno A"]
[BlackTeam "Pro Modena"]

1. Nf3 d5 2. c4 c6 3. b3 Nf6 4. g3 e6 5. Bg2 Be7 6. Bb2 O-O 7. O-O Nbd7 8. d4
Re8 9. Nbd2 b6 10. Ne5 Nxe5 11. dxe5 Nd7 12. e4 dxc4 13. Nxc4 Ba6 14. Qc2 Qc7
15. f4 Rac8 16. Rfd1 Bxc4 17. Qxc4 b5 18. Qc3 c5 19. Bf1 a6 20. a4 Qb7 21. axb5
axb5 22. Ra5 c4 23. bxc4 Qb6+ 24. Kh1 b4 25. Qf3 Qxa5 26. Rxd7 Qa2 27. Bd4 Rcd8
28. Ra7 Qc2 29. Bf2 b3 30. f5 b2 0-1

[Event "51 C.I.S. serie C/8"]
[Site "?"]
[Date "2019.03.17"]
[Round "4.2"]
[White "Zincani, Riccardo"]
[Black "Pichler, Norbert"]
[Result "1-0"]
[WhiteElo "1804"]
[BlackElo "2008"]
[PlyCount "105"]
[EventDate "2019.??.??"]
[WhiteTeam "Pro Modena"]
[BlackTeam "Naturno A"]

1. e4 c5 2. Nf3 e6 3. Nc3 Nc6 4. Bb5 Nge7 5. O-O a6 6. Bxc6 Nxc6 7. b3 d6 8.
Bb2 Be7 9. Ne2 Bf6 10. Bxf6 gxf6 11. d4 cxd4 12. Nexd4 Bd7 13. c4 b6 14. Qd2 h5
15. Rfd1 Nxd4 16. Qxd4 Bc6 17. Qxd6 Qxd6 18. Rxd6 Bxe4 19. Nd2 Bf5 20. Rxb6 Rg8
21. Nf1 h4 22. Rd1 Be4 23. Ne3 Bxg2 24. Nxg2 h3 25. Rd3 Rxg2+ 26. Kh1 Rd8 27.
Rxh3 Rxf2 28. Rh8+ Ke7 29. Rxd8 Kxd8 30. Rxa6 e5 31. Kg1 Rf4 32. Rd6+ Kc7 33.
Rd2 f5 34. Rf2 Rg4+ 35. Kf1 f4 36. b4 Kc6 37. Rg2 Rh4 38. Rg5 Kd6 39. c5+ Kd5
40. Rg2 Rh6 41. Rc2 Kc6 42. a4 Rh3 43. b5+ Kc7 44. c6 Rb3 45. h4 Kc8 46. Re2 f6
47. h5 Rh3 48. b6 f3 49. Re4 Rxh5 50. Rg4 Rg5 51. Rh4 Rg8 52. Kf2 Kd8 53. Rh7
1-0

[Event "51 C.I.S. serie C/8"]
[Site "?"]
[Date "2019.03.17"]
[Round "4.3"]
[White "Kofler, Thomas"]
[Black "Boasso, Andrea"]
[Result "1-0"]
[WhiteElo "1942"]
[BlackElo "1673"]
[PlyCount "73"]
[EventDate "2019.??.??"]
[WhiteTeam "Naturno A"]
[BlackTeam "Pro Modena"]

1. c4 e6 2. g3 Nf6 3. Bg2 d5 4. cxd5 exd5 5. d4 c6 6. Nc3 Bf5 7. Nf3 Bd6 8. Qb3
Qb6 9. Na4 Qxb3 10. axb3 Nbd7 11. Bd2 Bc2 12. b4 Bxa4 13. Rxa4 Nb6 14. Ra2 a6
15. Bc3 Ne4 16. Nd2 Nxc3 17. bxc3 f5 18. e3 O-O 19. Ke2 Rfe8 20. Kd3 Nd7 21.
Nb3 Nf6 22. Nc5 Bxc5 23. bxc5 Re7 24. c4 Kf7 25. cxd5 Nxd5 26. Rb1 g5 27. Bxd5+
cxd5 28. Rb6 Rd7 29. Rab2 Ra7 30. Rh6 Kg7 31. Rbb6 a5 32. Rh5 a4 33. Rxg5+ Kf8
34. Rxf5+ Ke7 35. Rb2 Kd8 36. Kc3 Kc7 37. Rf6 1-0